Environmental impacts of ecotourism

Bibliographic Details
Other Authors: Buckley, Ralf
Format: Book
Published: Wallingford, Oxon, UK Cambridge, MA, USA : CABI Pub. , c2004.
Series:Ecotourism book series ; 2
Subjects:

MARC

LEADER 00000cam a2200000 7i4500
001 0000003283
005 20050819.0
020 0 0 |a 0851998100 (alk. paper) 
090 0 0 |a 577.27   |b ENV 
245 1 0 |a Environmental impacts of ecotourism   |c edited by Ralf Buckley. 
260 0 0 |a Wallingford, Oxon, UK   |a Cambridge, MA, USA :   |b CABI Pub. ,   |c c2004. 
300 |a xii, 389 p. :   |b ill. ;   |c 25 cm. 
490 0 0 |a Ecotourism book series ;   |v 2 
650 0 0 |a Ecotourism. 
650 0 0 |a Ecotourism   |x Environmental aspects. 
700 1 1 |a Buckley, Ralf. 
999 |a 0000006227   |b Monograph   |c Open Shelf   |e Default branch